| 000 | 00601nam a2200217Ia 4500 | ||
|---|---|---|---|
| 001 | 954 | ||
| 003 | GE_BSU | ||
| 008 | 181216s||||||||xx |||||||||||||| ||und|| | ||
| 040 | _cGE_BSU | ||
| 080 | _a33212(075.8)+327(075.8) | ||
| 100 | _aИванова, М.В. | ||
| 245 | _aВведение в регионоведение. | ||
| 245 | _bУчебное пособие. | ||
| 260 | _aТомск, | ||
| 260 | _bТомского политехнич. ун-та. | ||
| 260 | _c2008 | ||
| 300 | _a177 с. | ||
| 541 | _h7 л. | ||
| 653 | _aВведение регионоведение. | ||
| 942 | _cBK | ||
| 999 |
_c35113 _d35113 |
||